000 00773nam a22002057a 4500
008 160513b xxu||||| |||| 00| 0 eng d
020 _a971821061X
082 _22004
_aDFil 808.5
_bF47
245 _aFilipino 3:
_bretorikang Filipino/
_cLeticia C. Pagkalinawan [and 4 others].
260 _aValenzuela City:
_bMutya Publishing House, Inc.,
_cc2004.
300 _a176 pages:
_billustrations;
_c25 cm.
500 _aIncludes bibliographical references.
650 0 _98171
_aFilipino language
_xRhetoric
700 _98172
_aPagkalinawan, Leticia C.
_eAuthor
700 _98173
_aDomingo, Francisca A.
_eAuthor
700 _98174
_aBertis, Lourdes L.
_eAuthor
700 _98177
_aAlejo, Carmelita T.
_eAuthor
700 _98178
_aGonzalez, Dolores N.
_eAuthor
942 _2ddc
_cDFIL
999 _c2472
_d2472